[Event "44. Torneo Capablanca In Memoriam Open"]
[Site "La Habana CUB"]
[Date "2009.06.15"]
[Round "7.1"]
[White "Hevia Alejano, Carlos A"]
[Black "Gonzalez Vidal, Yuri"]
[Result "0-1"]
[WhiteElo "2332"]
[BlackElo "2501"]
[PlyCount "112"]
[EventDate "2009.06.08"]
[EventType "swiss"]
[EventRounds "9"]
[EventCountry "CUB"]
[Source "lmi"]
[SourceDate "2009.06.08"]

1. e4 c6 2. d4 d5 3. Nc3 dxe4 4. Nxe4 Bf5 5. Ng3 Bg6 6. Nf3 Nd7 7. h4 h6 8. h5
Bh7 9. Bd3 Bxd3 10. Qxd3 e6 11. Bf4 Bb4+ 12. c3 Be7 13. Ne4 Ndf6 14. Be5 Nxe4
15. Qxe4 Nf6 16. Bxf6 gxf6 17. O-O-O Qd5 18. Qxd5 cxd5 19. a4 Rg8 20. g3 Bd6
21. Kd2 Ke7 22. Kd3 f5 23. Rh4 Rg4 24. Rxg4 fxg4 25. Ne5 Rg8 26. Rh1 Kf6 27.
Nd7+ Kf5 28. Nc5 b6 29. Nb3 f6 30. Nd2 e5 31. Nf1 Ke6 32. Ne3 f5 33. dxe5 Bxe5
34. Re1 Rd8 35. Ng2 Kf6 36. Nf4 Rd7 37. Re2 Rd8 38. Rd2 Bxf4 39. gxf4 Re8 40.
Re2 Re4 41. Rxe4 dxe4+ 42. Kd4 Ke6 43. b3 Kd6 44. Ke3 Kc5 45. Ke2 b5 46. axb5
Kxb5 47. Ke3 Kc5 48. Ke2 a6 49. Kd2 a5 50. Ke3 Kd5 51. Kd2 Kc6 52. Ke2 Kb5 53.
Ke3 a4 54. bxa4+ Kxa4 55. Ke2 Kb3 56. Kd2 Kc4 0-1

[Event "44. Torneo Capablanca In Memoriam Open"]
[Site "La Habana CUB"]
[Date "2009.06.15"]
[Round "7.2"]
[White "Gallego Alcaraz, Andres Felipe"]
[Black "Bacallao, Yusnel"]
[Result "0-1"]
[WhiteElo "2373"]
[BlackElo "2469"]
[PlyCount "136"]
[EventDate "2009.06.08"]
[EventType "swiss"]
[EventRounds "9"]
[EventCountry "CUB"]
[Source "lmi"]
[SourceDate "2009.06.08"]

1. e4 c6 2. d4 d5 3. Nc3 dxe4 4. Nxe4 Nd7 5. Bc4 Ngf6 6. Ng5 e6 7. Qe2 Nb6 8.
Bd3 h6 9. N5f3 c5 10. Be3 Nbd5 11. Ne5 Bd7 12. Nxd7 Nxd7 13. Nf3 Nxe3 14. fxe3
Be7 15. O-O-O Qc7 16. Kb1 Rc8 17. c4 Bf6 18. h4 g6 19. g4 Bg7 20. Qc2 cxd4 21.
exd4 Nb6 22. b3 Qf4 23. Be4 O-O 24. g5 h5 25. Qd3 Rfd8 26. Rhf1 Nd7 27. Qe2 Qc7
28. Bc2 b5 29. cxb5 Nb6 30. Be4 Nd5 31. Bxd5 Rxd5 32. Rc1 Qb7 33. Rxc8+ Qxc8
34. Rc1 Qd7 35. Qc4 Rxb5 36. Qc8+ Qxc8 37. Rxc8+ Bf8 38. Ne5 Rb7 39. Kc2 Kg7
40. Kd3 Bd6 41. Ke4 Bb4 42. Nc4 Rd7 43. Ne5 Rb7 44. Nd3 Bd6 45. Kf3 Ba3 46. Nc5
Re7 47. Ne4 Rb7 48. Nf6 Bf8 49. Ke3 Rb5 50. Rc7 a5 51. Nd7 Bd6 52. Rc8 Bg3 53.
Nf6 Rb8 54. Rxb8 Bxb8 55. Kf3 Ba7 56. d5 exd5 57. Nxd5 Bc5 58. Ne3 f6 59. gxf6+
Kxf6 60. Nc2 Ke5 61. a3 Be7 62. Kg3 Ke4 63. b4 a4 64. b5 Bd6+ 65. Kg2 Kd5 66.
Ne3+ Kc5 67. b6 Kxb6 68. Nd5+ Ka5 0-1

[Event "44. Torneo Capablanca In Memoriam Open"]
[Site "La Habana CUB"]
[Date "2009.06.15"]
[Round "7.4"]
[White "Ortiz Suarez, Isam"]
[Black "Guerrero, Juan Carlos"]
[Result "1-0"]
[WhiteElo "2493"]
[BlackElo "2202"]
[PlyCount "71"]
[EventDate "2009.06.08"]
[EventType "swiss"]
[EventRounds "9"]
[EventCountry "CUB"]
[Source "lmi"]
[SourceDate "2009.06.08"]

1. Nf3 c5 2. e4 d6 3. d4 cxd4 4. Nxd4 Nf6 5. Nc3 g6 6. Be3 Bg7 7. f3 O-O 8. Qd2
Nc6 9. Bc4 Bd7 10. Bb3 Rc8 11. O-O-O Ne5 12. Kb1 Re8 13. g4 b5 14. h4 b4 15.
Nd5 Nxd5 16. exd5 a5 17. Nc6 Nxf3 18. Qf2 Rxc6 19. dxc6 Bxc6 20. Rhf1 e6 21. g5
Be4 22. Qg3 Ne5 23. Bc5 d5 24. Bd4 Qc7 25. Rf6 Bxf6 26. gxf6 a4 27. Bxa4 Rc8
28. Bxe5 Bxc2+ 29. Ka1 Qc4 30. Rc1 Qa6 31. b3 Bf5 32. Qe3 Rxc1+ 33. Qxc1 h6 34.
Bb2 Kh7 35. Be8 e5 36. Qc7 1-0

[Event "44. Torneo Capablanca In Memoriam Open"]
[Site "La Habana CUB"]
[Date "2009.06.15"]
[Round "7.5"]
[White "Martinez Duany, Lelys"]
[Black "Espinosa Velos, Ermes"]
[Result "1-0"]
[WhiteElo "2520"]
[BlackElo "2395"]
[PlyCount "73"]
[EventDate "2009.06.08"]
[EventType "swiss"]
[EventRounds "9"]
[EventCountry "CUB"]
[Source "lmi"]
[SourceDate "2009.06.08"]

1. e4 e5 2. Nf3 Nc6 3. Bb5 Bc5 4. c3 f5 5. d4 fxe4 6. Bxc6 dxc6 7. Nxe5 Bd6 8.
O-O Qh4 9. Qb3 Bxe5 10. dxe5 Ne7 11. Be3 Rf8 12. Nd2 Rf5 13. Rfe1 Rxe5 14. Bd4
Rb5 15. Qa3 Rh5 16. h3 Bf5 17. f3 Bxh3 18. Nxe4 Be6 19. Ng3 Rh6 20. Bxg7 Rg6
21. Be5 Kf7 22. Re4 Qg5 23. Bf4 Qd5 24. Rd4 Qb5 25. c4 Qa6 26. Qxa6 bxa6 27.
Ne4 Rag8 28. g3 Nf5 29. Rd2 Bxc4 30. Rd7+ Ke8 31. Rxc7 R8g7 32. Rc8+ Kf7 33.
Ra8 c5 34. Rc1 Bd5 35. Rxa7+ Ke8 36. Rxg7 Nxg7 37. Rd1 1-0

[Event "44. Torneo Capablanca In Memoriam Open"]
[Site "La Habana CUB"]
[Date "2009.06.15"]
[Round "7.6"]
[White "Cori Tello, Jorge"]
[Black "Arencibia Rodriguez, Walter"]
[Result "1/2-1/2"]
[WhiteElo "2418"]
[BlackElo "2519"]
[PlyCount "117"]
[EventDate "2009.06.08"]
[EventType "swiss"]
[EventRounds "9"]
[EventCountry "CUB"]
[Source "lmi"]
[SourceDate "2009.06.08"]

1. e4 c5 2. Nf3 e6 3. d4 cxd4 4. Nxd4 Nf6 5. Bd3 Nc6 6. Nb3 Be7 7. O-O O-O 8.
Nc3 d6 9. Qe2 Ne5 10. f4 Nxd3 11. cxd3 b6 12. Be3 Bb7 13. Nd4 Rc8 14. Rac1 Re8
15. h3 Nd7 16. Rc2 a6 17. a3 Bf6 18. Nf3 b5 19. Rfc1 g6 20. b4 Bg7 21. Bf2 f5
22. Bh4 Bf6 23. Bxf6 Nxf6 24. Qe3 Rc7 25. Qd4 Rd7 26. Re1 Nh5 27. Qe3 Qf6 28.
Ne2 e5 29. fxe5 dxe5 30. Rc5 fxe4 31. dxe4 Rde7 32. Rf1 Rf8 33. Rcc1 Nf4 34.
Kh1 Ref7 35. Ng3 Rd8 36. Rc3 Kg7 37. Kh2 h6 38. Qc5 Re8 39. Rd1 Re6 40. Qe3 Rd6
41. Rxd6 Qxd6 42. Qc5 Qxc5 43. Rxc5 Nd3 44. Rc3 Rd7 45. h4 Kf6 46. Nd2 Nf4 47.
Nb3 Rd3 48. Rxd3 Nxd3 49. Kg1 g5 50. h5 g4 51. Kf1 Kg5 52. Ke2 Nf4+ 53. Kf2
Nxh5 54. Nxh5 Kxh5 55. Nc5 Bc8 56. g3 Kg5 57. Nd3 Kf6 58. Ne1 Be6 59. Ng2
1/2-1/2

[Event "44. Torneo Capablanca In Memoriam Open"]
[Site "La Habana CUB"]
[Date "2009.06.15"]
[Round "7.7"]
[White "Prasca Sosa, Raphael"]
[Black "Rasmussen, Karsten"]
[Result "1/2-1/2"]
[WhiteElo "2415"]
[BlackElo "2447"]
[PlyCount "102"]
[EventDate "2009.06.08"]
[EventType "swiss"]
[EventRounds "9"]
[EventCountry "CUB"]
[Source "lmi"]
[SourceDate "2009.06.08"]

1. e4 c6 2. d4 d5 3. Nc3 dxe4 4. Nxe4 Bf5 5. Nc5 Nd7 6. Nxd7 Qxd7 7. Nf3 e6 8.
Be2 Nf6 9. O-O Bd6 10. h3 O-O 11. Bd3 Bg6 12. Bxg6 hxg6 13. Be3 Nd5 14. Qe2 Qc7
15. Bd2 b5 16. Rfc1 Rab8 17. Rab1 b4 18. c4 bxc3 19. Bxc3 Rfc8 20. Be1 Qb6 21.
Rc2 Rc7 22. Rbc1 c5 23. dxc5 Rxc5 24. Rxc5 Bxc5 25. Ne5 Bd4 26. Nc4 Qd8 27. b3
Nf4 28. Qf3 Nd3 29. Rd1 Nxe1 30. Rxe1 Rb5 31. Ne3 Qa5 32. Qe2 Re5 33. Rd1 Qc5
34. Rd3 Re4 35. Qd2 f5 36. Nc2 Bf6 37. Rg3 Be5 38. Re3 Rxe3 39. Qxe3 Qd6 40.
Qe2 Bf6 41. Ne3 Kh7 42. Nc4 Qd5 43. g4 Bg5 44. Qe5 Qf3 45. Qxe6 Qxh3 46. gxf5
gxf5 47. Nd6 Qg4+ 48. Kf1 Qd1+ 49. Kg2 Qg4+ 50. Kf1 Qd1+ 51. Kg2 Qg4+ 1/2-1/2

[Event "44. Torneo Capablanca In Memoriam Open"]
[Site "La Habana CUB"]
[Date "2009.06.15"]
[Round "7.8"]
[White "Real de Azua, Ernesto"]
[Black "Corrales Jimenez, Zenia"]
[Result "1-0"]
[WhiteElo "2445"]
[BlackElo "2143"]
[PlyCount "125"]
[EventDate "2009.06.08"]
[EventType "swiss"]
[EventRounds "9"]
[EventCountry "CUB"]
[Source "lmi"]
[SourceDate "2009.06.08"]

1. e4 c5 2. Nf3 d6 3. d4 cxd4 4. Nxd4 Nf6 5. Nc3 g6 6. Be3 Bg7 7. f3 Nc6 8. Qd2
O-O 9. O-O-O d5 10. Qe1 e5 11. Nxc6 bxc6 12. exd5 Nxd5 13. Bc4 Be6 14. Ne4 Qc7
15. Bc5 Rfd8 16. g4 h6 17. h4 Rd7 18. g5 h5 19. Rh2 Rad8 20. Rhd2 Kh8 21. Ba3
Nf4 22. Bxe6 Nxe6 23. Rxd7 Rxd7 24. Bd6 Qd8 25. c3 Nf4 26. c4 Kh7 27. c5 Qe8
28. Qf1 Rb7 29. Kb1 Rb4 30. Qa6 Qd7 31. Qa3 Nd5 32. Rxd5 Rxe4 33. fxe4 cxd5 34.
Qd3 dxe4 35. Qxe4 Bf8 36. Qxe5 Qa4 37. a3 Qd1+ 38. Ka2 Bg7 39. Qe3 Qc2 40. Qb3
Qg2 41. Be7 Bxb2 42. Qxb2 Qd5+ 43. Qb3 Qd2+ 44. Qb2 Qd5+ 45. Kb1 Qe4+ 46. Qc2
Qxe7 47. c6 Qc7 48. Qc5 Kg7 49. Kc2 f5 50. Qd5 Kf8 51. Qe6 Qh2+ 52. Kb3 Qg3+
53. Kb4 Qf4+ 54. Kb5 Qb8+ 55. Kc5 Qb6+ 56. Kd6 Qd4+ 57. Kc7 Qb6+ 58. Kd7 Qb5
59. Qf6+ Kg8 60. Qxg6+ Kf8 61. Qf6+ Kg8 62. Ke7 Kh7 63. Kf8 1-0

[Event "44. Torneo Capablanca In Memoriam Open"]
[Site "La Habana CUB"]
[Date "2009.06.15"]
[Round "7.9"]
[White "Jimenez, Pedro A"]
[Black "Blanco, Humberto"]
[Result "1-0"]
[WhiteElo "2383"]
[BlackElo "2440"]
[PlyCount "95"]
[EventDate "2009.06.08"]
[EventType "swiss"]
[EventRounds "9"]
[EventCountry "CUB"]
[Source "lmi"]
[SourceDate "2009.06.08"]

1. e4 e5 2. Nf3 Nc6 3. d4 exd4 4. Nxd4 Bb4+ 5. c3 Be7 6. Nxc6 bxc6 7. Bd3 d6 8.
O-O Nf6 9. Nd2 O-O 10. b3 Nd7 11. Bb2 Nc5 12. Bc2 Bf6 13. Re1 Rb8 14. Rb1 Re8
15. Qf3 Bd7 16. Nc4 g6 17. b4 Nb7 18. Rbd1 Bg7 19. Bb3 Be6 20. Re2 Qh4 21. h3
a5 22. Qg3 Qh5 23. Rde1 Qb5 24. a4 Qa6 25. Ba2 axb4 26. cxb4 Qxa4 27. Bxg7 Kxg7
28. Qc3+ Kg8 29. Bb3 Qb5 30. Na3 Qb6 31. Bxe6 Rxe6 32. Nc4 Qb5 33. Na3 Qb6 34.
Nc4 Qb5 35. Na3 Qa6 36. Nc2 c5 37. h4 h5 38. Re3 Rbe8 39. f4 Qa7 40. Kh2 Qb8
41. f5 Re5 42. Rg3 Kh7 43. Qf3 R8e7 44. Rg5 Nd8 45. g4 hxg4 46. Qxg4 Qb5 47.
Rxg6 Qd3 48. Qh5# 1-0

[Event "44. Torneo Capablanca In Memoriam Open"]
[Site "La Habana CUB"]
[Date "2009.06.15"]
[Round "7.10"]
[White "Gomez Frontal, Felix M"]
[Black "Margolin, Boris"]
[Result "1-0"]
[WhiteElo "2359"]
[BlackElo "2436"]
[PlyCount "73"]
[EventDate "2009.06.08"]
[EventType "swiss"]
[EventRounds "9"]
[EventCountry "CUB"]
[Source "lmi"]
[SourceDate "2009.06.08"]

1. d4 d5 2. Nf3 c6 3. c4 e6 4. e3 Bd6 5. Nbd2 f5 6. Bd3 Nf6 7. b3 O-O 8. Bb2
Qe7 9. a3 Bd7 10. Ne5 Be8 11. h3 Ne4 12. Qe2 Nd7 13. Ndf3 Bh5 14. Qc2 Nxe5 15.
dxe5 Bc7 16. O-O-O a5 17. Kb1 Nc5 18. Ka2 Bg6 19. cxd5 exd5 20. Bd4 Nxd3 21.
Qxd3 c5 22. Bb2 Rfd8 23. Qc3 b5 24. Rc1 c4 25. bxc4 b4 26. Qb3 Bf7 27. a4 dxc4
28. Rxc4 Bb6 29. Bd4 Rac8 30. Rhc1 Rxc4 31. Rxc4 Qe6 32. Nd2 Bxd4 33. exd4 Qb6
34. Kb1 Rxd4 35. Rc8+ Rd8 36. Qe3 Ba2+ 37. Kb2 1-0

[Event "44. Torneo Capablanca In Memoriam Open"]
[Site "La Habana CUB"]
[Date "2009.06.15"]
[Round "7.11"]
[White "Cori Tello, Deysi Estella"]
[Black "Otero, Diasmany"]
[Result "1/2-1/2"]
[WhiteElo "2262"]
[BlackElo "2431"]
[PlyCount "77"]
[EventDate "2009.06.08"]
[EventType "swiss"]
[EventRounds "9"]
[EventCountry "CUB"]
[Source "lmi"]
[SourceDate "2009.06.08"]

1. d4 d5 2. Nf3 Bf5 3. Bf4 e6 4. e3 Bd6 5. Bxd6 cxd6 6. c4 Nf6 7. Nc3 dxc4 8.
Bxc4 O-O 9. O-O Nbd7 10. Bd3 Bxd3 11. Qxd3 d5 12. Rac1 Rc8 13. Rc2 Rc6 14. Rfc1
Qb8 15. Na4 Rfc8 16. Rxc6 Rxc6 17. Rxc6 bxc6 18. Qa6 Qc7 19. Nc5 Nxc5 20. dxc5
e5 21. b4 Nd7 22. b5 cxb5 23. c6 Nb8 24. Qxb5 Nxc6 25. Qxd5 g6 26. g4 Kg7 27.
g5 Nb4 28. Qb5 Nxa2 29. Nxe5 Nc3 30. Qe8 Ne4 31. Nxf7 Qc2 32. Qh8+ Kxf7 33.
Qxh7+ Kf8 34. Qh6+ Ke7 35. Qg7+ Kd8 36. Qf8+ Kc7 37. Qf7+ Kb8 38. Qe8+ Kb7 39.
Qf7+ 1/2-1/2

[Event "44. Torneo Capablanca In Memoriam Open"]
[Site "La Habana CUB"]
[Date "2009.06.15"]
[Round "7.13"]
[White "Fernandez Garcia, Jose Luis"]
[Black "Alarcon, Rolando"]
[Result "1/2-1/2"]
[WhiteElo "2457"]
[BlackElo "2367"]
[PlyCount "123"]
[EventDate "2009.06.08"]
[EventType "swiss"]
[EventRounds "9"]
[EventCountry "CUB"]
[Source "lmi"]
[SourceDate "2009.06.08"]

1. e4 e6 2. d4 d5 3. Nc3 Bb4 4. e5 c5 5. Nf3 Ne7 6. dxc5 Bxc3+ 7. bxc3 Nd7 8.
Bd3 Nc6 9. O-O Ndxe5 10. Nxe5 Nxe5 11. Bf4 Nxd3 12. cxd3 O-O 13. Bd6 Re8 14. f4
b6 15. d4 f6 16. Re1 Bd7 17. Re3 Rc8 18. Qh5 Ba4 19. Qe2 Qd7 20. Re1 Bb5 21.
Qc2 bxc5 22. dxc5 Qf7 23. Rg3 Rc6 24. a4 Bc4 25. Rb1 e5 26. fxe5 fxe5 27. Rf3
Qd7 28. Qf2 Rcc8 29. a5 h6 30. h3 e4 31. Rg3 Re6 32. Qd4 Kh7 33. Re1 Rg8 34.
Rb1 Rf6 35. a6 Rxd6 36. Rb7 Bxa6 37. Rxd7 Rxd7 38. Qe5 Bb5 39. c4 dxc4 40.
Qxe4+ Kh8 41. Rg6 c3 42. Rg3 Bd3 43. Rxd3 c2 44. Rc3 Rd1+ 45. Kh2 c1=Q 46. Rxc1
Rxc1 47. Qa4 Rxc5 48. Qxa7 Rgc8 49. Qb7 R8c6 50. Qb8+ Kh7 51. Qb1+ Rg6 52. Qe4
h5 53. h4 Ra5 54. g3 Ra2+ 55. Kh3 Ra3 56. Qe5 Rgxg3+ 57. Qxg3 Rxg3+ 58. Kxg3
Kg6 59. Kf4 Kf6 60. Ke4 Ke6 61. Kf4 Kf6 62. Ke4 1/2-1/2

[Event "44. Torneo Capablanca In Memoriam Open"]
[Site "La Habana CUB"]
[Date "2009.06.15"]
[Round "7.14"]
[White "Perez Garcia, Rodney"]
[Black "Garcia Pantoja, Roberto"]
[Result "1/2-1/2"]
[WhiteElo "2436"]
[BlackElo "2369"]
[PlyCount "88"]
[EventDate "2009.06.08"]
[EventType "swiss"]
[EventRounds "9"]
[EventCountry "CUB"]
[Source "lmi"]
[SourceDate "2009.06.08"]

1. c4 Nf6 2. Nf3 e6 3. g3 d5 4. Bg2 Be7 5. O-O O-O 6. d4 c6 7. Qc2 Nbd7 8. Nbd2
b5 9. c5 a5 10. e4 Nxe4 11. Nxe4 dxe4 12. Qxe4 Nf6 13. Qc2 Nd5 14. Re1 b4 15.
h4 Ba6 16. Bg5 h6 17. Bxe7 Nxe7 18. Ne5 Qc7 19. Be4 Rad8 20. Rad1 Bb5 21. Rd2
Nd5 22. Rdd1 Nf6 23. Bg2 Rfe8 24. Kh2 Nd7 25. f4 Re7 26. a4 bxa3 27. bxa3 a4
28. Nc4 Bxc4 29. Qxc4 Nf6 30. Qxa4 Nd5 31. Qc2 Qa5 32. Bxd5 Rxd5 33. Re3 Red7
34. Red3 f6 35. Qb3 Kh7 36. Kg2 Qd8 37. Qb6 Qxb6 38. cxb6 Rb5 39. Re1 Rd6 40.
Rde3 Rxb6 41. Rxe6 Rxd4 42. R1e3 Rb2+ 43. Re2 Rb3 44. R6e3 Rb5 1/2-1/2

[Event "44. Torneo Capablanca In Memoriam Open"]
[Site "La Habana CUB"]
[Date "2009.06.15"]
[Round "7.15"]
[White "Macias Murillo, Bryan"]
[Black "Guerra Mendez, Jose Angel"]
[Result "1/2-1/2"]
[WhiteElo "2299"]
[BlackElo "2420"]
[PlyCount "71"]
[EventDate "2009.06.08"]
[EventType "swiss"]
[EventRounds "9"]
[EventCountry "CUB"]
[Source "lmi"]
[SourceDate "2009.06.08"]

1. d4 Nf6 2. Nf3 g6 3. c4 Bg7 4. Nc3 O-O 5. g3 d6 6. Bg2 Nc6 7. O-O Bg4 8. h3
Bxf3 9. Bxf3 Nd7 10. e3 e5 11. d5 Ne7 12. Bg2 f5 13. Rb1 Kh8 14. Kh2 Ng8 15. b4
Ngf6 16. c5 e4 17. Ne2 Re8 18. Nf4 Nf8 19. Bb2 Qd7 20. Qb3 g5 21. Ne2 a5 22. a3
axb4 23. axb4 Ng6 24. Rfd1 f4 25. Nd4 fxg3+ 26. fxg3 dxc5 27. Ne6 cxb4 28. Nxg7
Kxg7 29. Qxb4 Ne5 30. d6 Ra6 31. dxc7 Qxc7 32. Bd4 Nf3+ 33. Bxf3 exf3 34. Qxb7
Qxb7 35. Rxb7+ Kg6 36. Rf1 1/2-1/2

[Event "44. Torneo Capablanca In Memoriam Open"]
[Site "La Habana CUB"]
[Date "2009.06.15"]
[Round "7.16"]
[White "Arias, Lemmys A"]
[Black "Guerra Tulcan, Lenin"]
[Result "1-0"]
[WhiteElo "2406"]
[BlackElo "2343"]
[PlyCount "119"]
[EventDate "2009.06.08"]
[EventType "swiss"]
[EventRounds "9"]
[EventCountry "CUB"]
[Source "lmi"]
[SourceDate "2009.06.08"]

1. e4 c5 2. Nf3 d6 3. d4 cxd4 4. Nxd4 Nf6 5. Nc3 a6 6. Bc4 e6 7. Bb3 Be7 8. g4
O-O 9. g5 Ne8 10. Rg1 Nc6 11. Be3 Qc7 12. Qh5 d5 13. exd5 Nxd4 14. Bxd4 e5 15.
d6 Qxd6 16. g6 hxg6 17. Qxe5 Qxe5+ 18. Bxe5 Bf5 19. O-O-O Bc5 20. Nd5 Bxf2 21.
Ne7+ Kh7 22. Rgf1 Be3+ 23. Kb1 Bg4 24. Rde1 Bg5 25. Bc3 Bxe7 26. Rxe7 Nd6 27.
Bb4 Rad8 28. a4 b5 29. Ra7 bxa4 30. Bxa4 Rg8 31. Bb3 Rge8 32. Bxd6 Rxd6 33.
Rfxf7 Rd1+ 34. Ka2 Ree1 35. Rxg7+ Kh6 36. Ka3 Ra1+ 37. Kb4 a5+ 38. Kc5 Kg5 39.
h4+ Kxh4 40. Rxg6 Re5+ 41. Kb6 Rb1 42. Rag7 Bh5 43. Rg1 Rxg1 44. Rxg1 Be2 45.
Re1 Kg3 46. Bc4 Re4 47. Rxe2 Rxc4 48. Kxa5 Kf3 49. Re8 Rxc2 50. b4 Ra2+ 51. Kb6
Rb2 52. b5 Kf4 53. Kc6 Rc2+ 54. Kb7 Rb2 55. b6 Kf5 56. Kc7 Rc2+ 57. Kb8 Kf6 58.
b7 Rb2 59. Re1 Rb3 60. Ra1 1-0

[Event "44. Torneo Capablanca In Memoriam Open"]
[Site "La Habana CUB"]
[Date "2009.06.15"]
[Round "7.18"]
[White "Borges Feria, Yasel"]
[Black "Miranda Mesa, Elier"]
[Result "1-0"]
[WhiteElo "2400"]
[BlackElo "2321"]
[PlyCount "97"]
[EventDate "2009.06.08"]
[EventType "swiss"]
[EventRounds "9"]
[EventCountry "CUB"]
[Source "lmi"]
[SourceDate "2009.06.08"]

1. Nf3 d5 2. b3 Nf6 3. Bb2 Bg4 4. e3 Nbd7 5. Be2 e6 6. c4 c6 7. O-O Bd6 8. d4
O-O 9. Nbd2 Qe7 10. Ne5 Bxe2 11. Qxe2 Ne4 12. Nxd7 Qxd7 13. Nxe4 dxe4 14. Qc2
f5 15. f3 exf3 16. Rxf3 Rae8 17. Raf1 Qe7 18. e4 fxe4 19. Qxe4 Rxf3 20. Rxf3
Qg5 21. g3 Qd2 22. Rf2 Qg5 23. Kg2 Qe7 24. Re2 a6 25. Qg4 Qf7 26. Qf3 Qg6 27.
Qe4 Qf7 28. a4 Qd7 29. Qg4 Qf7 30. Bc3 Qe7 31. d5 h5 32. Qxe6+ Qxe6 33. dxe6
Kh7 34. Re4 g5 35. h3 Kg6 36. g4 hxg4 37. hxg4 Be7 38. Kf3 Bf6 39. Bb4 Bb2 40.
e7 Kf7 41. Re2 Bf6 42. a5 Bxe7 43. Rxe7+ Rxe7 44. Bxe7 Kxe7 45. Ke4 Ke6 46. b4
Kd6 47. Kf5 c5 48. bxc5+ Kxc5 49. Kxg5 1-0

[Event "44. Torneo Capablanca In Memoriam Open"]
[Site "La Habana CUB"]
[Date "2009.06.15"]
[Round "7.20"]
[White "Morales Romero, Pedro"]
[Black "Obregon Rivero, Juan"]
[Result "1-0"]
[WhiteElo "2410"]
[BlackElo "2309"]
[PlyCount "145"]
[EventDate "2009.06.08"]
[EventType "swiss"]
[EventRounds "9"]
[EventCountry "CUB"]
[Source "lmi"]
[SourceDate "2009.06.08"]

1. e4 c5 2. Nf3 Nc6 3. d4 cxd4 4. Nxd4 Nf6 5. Nc3 e5 6. Ndb5 d6 7. Bg5 a6 8.
Na3 b5 9. Nd5 Be7 10. Bxf6 Bxf6 11. c3 O-O 12. Nc2 Bg5 13. a4 bxa4 14. Rxa4 a5
15. Bc4 Rb8 16. Ra2 Kh8 17. O-O f5 18. exf5 Bxf5 19. Nce3 Bg6 20. Qe2 Bf7 21.
Rfa1 Qc8 22. b3 Bg8 23. Qd3 Bd8 24. Nf1 Qb7 25. Rd1 Nd4 26. Nfe3 Ne6 27. b4
axb4 28. Nxb4 Bb6 29. Bd5 Qc8 30. Qc4 Qe8 31. Rad2 Rc8 32. Qh4 Rxc3 33. Bxe6
Bxe3 34. Bxg8 Bh6 35. Rxd6 Kxg8 36. Nd5 Rc2 37. Rxh6 gxh6 38. Nf6+ Rxf6 39.
Qxf6 Rc6 40. Qh4 Qd7 41. Qg3+ Qg7 42. Qb3+ Qf7 43. Qb8+ Qf8 44. Qxe5 Qc8 45. h3
Rc1 46. Rxc1 Qxc1+ 47. Kh2 Kf7 48. f4 Qc8 49. Kg3 Qg8+ 50. Kh2 Qc8 51. Qd6 Kg7
52. Qe7+ Kg8 53. Qf6 Qc2 54. Qxh6 Kf7 55. Qh5+ Kf6 56. Qe5+ Kg6 57. Kg3 Qb3+
58. Kh4 Qc2 59. Qe6+ Kg7 60. g4 Qh2 61. f5 Qg2 62. f6+ Kg6 63. f7+ Kg7 64. Qf5
Qa8 65. Kh5 Qf8 66. Qe5+ Kxf7 67. Qf5+ Kg8 68. Qxf8+ Kxf8 69. Kh6 Kg8 70. h4
Kh8 71. h5 Kg8 72. g5 Kh8 73. g6 1-0

[Event "44. Torneo Capablanca In Memoriam Open"]
[Site "La Habana CUB"]
[Date "2009.06.15"]
[Round "7.21"]
[White "Pazos Gambarrotti, Plinio"]
[Black "Aguero, Luis Lazaro"]
[Result "1/2-1/2"]
[WhiteElo "1973"]
[BlackElo "2400"]
[PlyCount "133"]
[EventDate "2009.06.08"]
[EventType "swiss"]
[EventRounds "9"]
[EventCountry "CUB"]
[Source "lmi"]
[SourceDate "2009.06.08"]

1. e4 c6 2. d4 d5 3. Nc3 dxe4 4. Nxe4 Nd7 5. Bc4 Ngf6 6. Ng5 e6 7. Qe2 Nb6 8.
Bb3 h6 9. N5f3 a5 10. c3 c5 11. dxc5 Bxc5 12. Ne5 O-O 13. Ngf3 Qc7 14. O-O a4
15. Bc2 Nbd5 16. Bd2 a3 17. b3 b6 18. Rad1 Ba6 19. c4 Rfd8 20. Nd3 Bd6 21. Nde5
Nb4 22. Bb1 Bb7 23. Bc3 Na6 24. Rfe1 Nc5 25. Nd2 Be7 26. Qe3 Rd6 27. Bc2 Rad8
28. Bb4 Ra8 29. Ndf3 Rxd1 30. Rxd1 Bd6 31. Qd4 Ne8 32. Bc3 f6 33. Ng4 h5 34.
Ne3 Bxf3 35. gxf3 Bxh2+ 36. Kg2 Be5 37. Qd2 Bxc3 38. Qxc3 Rd8 39. Rxd8 Qxd8 40.
b4 Nd7 41. Qxa3 f5 42. f4 g5 43. fxg5 Qxg5+ 44. Kf1 f4 45. Ng2 Ne5 46. Qc1 Ng7
47. Qxf4 Qxf4 48. Nxf4 Nxc4 49. Ke2 Kf7 50. Bb3 Na3 51. Kd3 Kf6 52. Ke4 b5 53.
Bd1 Kg5 54. Bxh5 Nxh5 55. Nxe6+ Kg4 56. Nd4 Nf4 57. Ke5 Nc4+ 58. Ke4 Na3 59.
Ke5 Nd3+ 60. Kd6 Kf4 61. Kc6 Nxb4+ 62. Kb6 Nd5+ 63. Kc5 Nc7 64. Kb4 Ke4 65. Nc6
Kd5 66. Ne7+ Kd6 67. Kxa3 1/2-1/2

[Event "44. Torneo Capablanca In Memoriam Open"]
[Site "La Habana CUB"]
[Date "2009.06.15"]
[Round "7.22"]
[White "Fernandez, Alexey"]
[Black "Larduet Despaigne, Carlos A"]
[Result "0-1"]
[WhiteElo "2399"]
[BlackElo "2326"]
[PlyCount "58"]
[EventDate "2009.06.08"]
[EventType "swiss"]
[EventRounds "9"]
[EventCountry "CUB"]
[Source "lmi"]
[SourceDate "2009.06.08"]

1. e4 c5 2. Nf3 d6 3. d4 cxd4 4. Nxd4 Nf6 5. Nc3 Nc6 6. Bc4 Qb6 7. Nxc6 bxc6 8.
O-O g6 9. Qe1 Nd7 10. Na4 Qc7 11. Qc3 Nf6 12. e5 dxe5 13. f4 e4 14. Qb3 e6 15.
Be3 Be7 16. Bd4 O-O 17. Qe3 c5 18. Bxc5 Bb7 19. Bxe7 Qxe7 20. Nc5 Ng4 21. Qh3
Rfc8 22. b4 a5 23. Qb3 axb4 24. Nxb7 Ra3 25. Qb2 Rxc4 26. Rad1 Rac3 27. Nd6 Qh4
28. h3 Rxh3 29. gxh3 Qg3+ 0-1

[Event "44. Torneo Capablanca In Memoriam Open"]
[Site "La Habana CUB"]
[Date "2009.06.15"]
[Round "7.23"]
[White "Leyva Rivera, Yunior"]
[Black "Ordaz Valdes, Lisandra"]
[Result "1-0"]
[WhiteElo "2392"]
[BlackElo "2296"]
[PlyCount "155"]
[EventDate "2009.06.08"]
[EventType "swiss"]
[EventRounds "9"]
[EventCountry "CUB"]
[Source "lmi"]
[SourceDate "2009.06.08"]

1. d4 d5 2. c4 e6 3. Nc3 Be7 4. Nf3 Nf6 5. cxd5 exd5 6. Bg5 c6 7. e3 Bf5 8. Bd3
Bxd3 9. Qxd3 O-O 10. O-O Nbd7 11. Rab1 a5 12. Bxf6 Nxf6 13. a3 Re8 14. b4 axb4
15. axb4 Ra3 16. Qc2 Bd6 17. Rfc1 b5 18. Ne2 Ra6 19. Ne5 Bxe5 20. dxe5 Ng4 21.
Nd4 Nxe5 22. Ra1 Rb6 23. Ra7 g6 24. Rca1 Nc4 25. R1a6 Rxa6 26. Rxa6 Qf6 27. h3
Rc8 28. Nxb5 Qe7 29. Nd4 Qxb4 30. Nxc6 Qb5 31. Ne7+ Kf8 32. Ra7 Re8 33. Nf5 Qb2
34. Qxb2 Nxb2 35. Nd6 Re7 36. Ra8+ Kg7 37. Ne8+ Kf8 38. Nc7+ Kg7 39. Nxd5 Rd7
40. Nc3 Rd3 41. Rc8 Rd2 42. Ne4 Rd1+ 43. Kh2 Nd3 44. Rc7 h6 45. g4 Ne5 46. Kg2
Nd7 47. Kf3 Nf6 48. Ng3 Rd6 49. h4 Nd5 50. Ra7 Rf6+ 51. Kg2 Nc3 52. h5 Re6 53.
hxg6 Kxg6 54. Nh5 Rd6 55. Nf4+ Kg7 56. Kf3 Nd1 57. Ra2 Nc3 58. Rc2 Nb1 59. Ne2
Nd2+ 60. Kg2 Ne4 61. Nd4 Kg6 62. f3 Nf6 63. Rc5 Rd5 64. Rc6 h5 65. gxh5+ Rxh5
66. e4 Re5 67. Kg3 Kg7 68. Kf4 Rh5 69. Nf5+ Kg6 70. Ra6 Rxf5+ 71. exf5+ Kg7 72.
Ke5 Nd7+ 73. Kd6 Nf6 74. Ra1 Kf8 75. Ra8+ Kg7 76. Rd8 Nh5 77. Ke7 Nf6 78. f4
1-0